000 00506nam a2200181 a 4500
001 1774863791589
003 YourLibrary
005 20260330151550.0
008 260330s2007##################000#0#eng##
020 _a9781420062243
082 0 4 _a355.80973
_bMAT
100 1 _aMathaisel, Dennis F.X.,
_eauthor.
245 1 0 _aSustaining the Military Enterprise :
260 _bAuerbach Publications,
_c2007.
650 0 _aBusiness & Economics.
942 _cENGLISH
040 _aYourLibrary
_beng
_cYourLibrary
999 _c618213
_d618213